000 00508nmm a2200169Ia 4500
008 251105s9999||||xx |||||||||||||||||und||
020 _a9788437507842
041 _aspa
100 _aBenegas, Noni
245 0 _aEllas tienen la palabra :
_b Las mujeres y la escritura
264 _a[México D.C., Mexico] :
_bFondo de Cultura Económica,
_c2017
300 _a160 páginas
490 _aCentzontle
650 _aLiterary History
856 _uhttps://public.digitaliapublishing.com/a/64401
942 _cCF
999 _c82722
_d82722